000 00308nam a22001337a 4500
008 170213b xxu||||| |||| 00| 0 eng d
020 _a0316804932
041 _aeng
080 _a61
100 _a4
101 _aSHM
245 _aBIRTH DEFECTS AND SPEECH-LANGUAGE DISORDERS
_cSPARKS, SH.N
942 _2udc
_cBK
999 _c5260
_d5260